000 00672nam a2200217 4500
003 OSt
005 20260601193855.0
008 260508b1962 |||||||| |||| 00| 0 eng d
020 _a0936658010
040 _aICI
_beng
_cICI
050 _aHF5547
_bP76 1968
100 1 _aPropst, Robert/
_932928
245 1 _aThe Office
_ba facility based on change
_cby Robert Propst.
264 _aAnn Arbor, Mich. :
_bHerman Miller Research Corp.,
_c1968.
300 _a71 páginas
_bilustraciones
_c28 cm.
336 _atexto
_2rdacontent
337 _asin medio
_2rdamedia
338 _avolumen
_2rdacarrier
600 _aOficinas
_xDiseño y construcción.
_932929
942 _2lcc
_cB
_n1
999 _c22019
_d22019